00540nam a2200169Ia 4500003000900000008004100009040001600050080002900066110003300095245009800128260005000226300000800276500001900284650002800303650001800331650002100349IN-BaIIA211028s9999 xx 000 0 eng d cIIA Library a083.7:621-762.642.7bISI aIndian Standards Institution 0aIndian standard methods of test for rotary shaft oil seal unitscIndian Standards Institution aNew DelhibIndian Standards Institutionc1973 a7p. aIS 5125 : 1969 a Rotary Shaft Oil Seal a Standards  aNASA Thesaurus